Prem chanduttar hindi upnasyo ka vastu rupatmak vikas (Record no. 862762)

MARC details
000 -LEADER
fixed length control field 00724nam a2200241Ia 4500
003 - CONTROL NUMBER IDENTIFIER
control field OSt
005 - DATE AND TIME OF LATEST TRANSACTION
control field 20220930071740.0
008 - FIXED-LENGTH DATA ELEMENTS--GENERAL INFORMATION
fixed length control field 220926b |||||||| |||| 00| 0 hin d
037 ## - SOURCE OF ACQUISITION
Terms of availability Theses
040 ## - CATALOGING SOURCE
Original cataloging agency CRL
Transcribing agency CRL
Language of cataloging hin
041 ## - LANGUAGE CODE
Source of code hin
Language code of text/sound track or separate title hin
100 ## - MAIN ENTRY--PERSONAL NAME
Personal name Sinhal Krishan Avtar
9 (RLIN) 528873
110 ## - MAIN ENTRY--CORPORATE NAME
Corporate name or jurisdiction name as entry element University of Banaras. Faculty of Arts. Department of Hindi
9 (RLIN) 528874
245 #0 - TITLE STATEMENT
Title Prem chanduttar hindi upnasyo ka vastu rupatmak vikas
260 ## - PUBLICATION, DISTRIBUTION, ETC.
Date of publication, distribution, etc. 1964
650 ## - SUBJECT ADDED ENTRY--TOPICAL TERM
Topical term or geographic name entry element HINDI LITERATURE
9 (RLIN) 23866
700 ## - ADDED ENTRY--PERSONAL NAME
Personal name University of Banaras. Faculty of Arts. Department of Hindi
9 (RLIN) 528875
942 ## - ADDED ENTRY ELEMENTS (KOHA)
Koha item type Dissertations
Source of classification or shelving scheme Colon Classification (CC)
Holdings
Withdrawn status Lost status Damaged status Not for loan Home library Current library Date acquired Total Checkouts Barcode Date last seen Price effective from Koha item type
        Central Library Central Library 2022-09-30   Th0002419 2022-09-30 2022-09-30 Thesis
Copyright @ Delhi University Library System